Finančná kríza a marketingové rozhodnutia retailových spoločností

Faktory finančnej krízy. Dopady súčasnej finančnej krízy na retailové spoločnosti. Znižovanie výdavkov spotrebiteľov - zníženie tržieb retailových spoločností. Kríza v automobilovom priemysle. V popredí private labels produkty za nižšie ceny. Trend zmenšovania prevádzok.

Saved in:
Bibliographic Details
Main Author: Konštiaková, Veronika
Format: Book Chapter
Language:Slovak
Subjects:
Tags: Add Tag
No Tags, Be the first to tag this record!

MARC

LEADER 00000nla$a2200000$$$4500
001 0101691
005 20240502072116.9
041 0 |a slo 
044 |a SK 
245 1 0 |a Finančná kríza a marketingové rozhodnutia retailových spoločností  |c Veronika Konštiaková 
520 |a Faktory finančnej krízy. Dopady súčasnej finančnej krízy na retailové spoločnosti. Znižovanie výdavkov spotrebiteľov - zníženie tržieb retailových spoločností. Kríza v automobilovom priemysle. V popredí private labels produkty za nižšie ceny. Trend zmenšovania prevádzok. 
610 2 0 |a kríza finančná 
610 2 0 |a maloobchod 
610 2 0 |a supermarkety 
610 2 0 |a hypermarkety 
610 2 0 |a spotrebitelia 
610 2 0 |a tovar 
610 2 0 |a ceny 
610 2 0 |a výdavky 
610 2 0 |a tržby 
610 2 0 |a marketing 
100 1 |a Konštiaková, Veronika